000 01152naa a22003017a 4500
001 BR6010104
003 BR-BrBNA
005 20240918173145.0
007 ta
008 230509b bl.||||| |||| 00| 0 por d
040 _aBR-BrBNA
_bpor
_cBiblioteca Nacional de Agricultura
041 _a(Pt)
072 _aE70
_b9700
_bG514
090 _aE70 BR6010104
100 1 _aGouvea, P. de
111 1 _a1. Congresso Pecuario do Brasil Central
_cBarretos, SP (Brazil)
_d18 Apr 1941
245 1 _aDistribuicao de carne para o consumo interno por organizacoes nacionais [Brasil]
260 3 _aSao Paulo, SP (Brasil):
_bSociedade Impressora Brasileira - Brusco,
_c1942.
500 _aAnais do 1. Congresso Pecuario do Brasil Central Sao Paulo, SP (Brasil): Sociedade Impressora Brasileira - Brusco, 1942. p. 153-157 (BR6010104-AM)E70
650 _aComercializacao
650 _aCarne
650 _aAbatedouro
650 _aConsumo
650 _aComercio interno
773 0 _tAnais do 1. Congresso Pecuario do Brasil Central
_wE70 BR6010104
_gSao Paulo, SP (Brasil), 1942. p. 153-157
909 _a202404
_bLucia
_c55
_dLucia Elande
942 _cAM
_2AGRIS
999 _c303185
_d303185